[Event "5. Torneo Sudamericano 2009 Sub-20"]
[Site "Cochabamba BOL"]
[Date "2009.04.13"]
[Round "9.1"]
[White "Fier, Alexander"]
[Black "Guerra, Lenin"]
[Result "1-0"]
[WhiteElo "2595"]
[BlackElo "2343"]
[PlyCount "51"]
[EventDate "2009.04.08"]
[EventType "swiss"]
[EventRounds "9"]
[EventCountry "BOL"]
[Source "lmi"]
[SourceDate "2009.04.08"]

1. d4 d5 2. c4 c6 3. Nf3 Nf6 4. Nc3 e6 5. Bg5 h6 6. Bh4 dxc4 7. e4 g5 8. Bg3 b5
9. Ne5 Bb7 10. h4 Rg8 11. hxg5 hxg5 12. Qf3 Qe7 13. O-O-O Nbd7 14. d5 Nxe5 15.
Bxe5 Nd7 16. Bc7 Qf6 17. dxe6 Qxe6 18. Qg3 b4 19. Na4 Nc5 20. Nxc5 Bxc5 21. Be2
b3 22. Bg4 bxa2 23. Bxe6 a1=Q+ 24. Kc2 Qa4+ 25. Kb1 fxe6 26. Qe5 1-0

[Event "5. Torneo Sudamericano 2009 Sub-20"]
[Site "Cochabamba BOL"]
[Date "2009.04.13"]
[Round "9.2"]
[White "Fernandez, Fernando"]
[Black "Diamant, Andre"]
[Result "0-1"]
[WhiteElo "2317"]
[BlackElo "2506"]
[PlyCount "74"]
[EventDate "2009.04.08"]
[EventType "swiss"]
[EventRounds "9"]
[EventCountry "BOL"]
[Source "lmi"]
[SourceDate "2009.04.08"]

1. e4 c5 2. Nf3 e6 3. d4 cxd4 4. Nxd4 Nf6 5. Nc3 d6 6. g4 h6 7. h4 Nc6 8. Rg1
g6 9. g5 hxg5 10. Bxg5 Be7 11. Qd2 a6 12. O-O-O Bd7 13. Kb1 Qb6 14. Bc4 Nxd4
15. Qxd4 Qxd4 16. Rxd4 Bc6 17. a4 Rd8 18. Rgd1 Ng4 19. R4d2 Ne5 20. Be2 f6 21.
Be3 Rxh4 22. f4 Nf7 23. b4 g5 24. b5 axb5 25. axb5 Bd7 26. f5 exf5 27. exf5
Rb4+ 28. Kc1 Ra8 29. Rd4 Ra1+ 30. Kd2 Rxd1+ 31. Bxd1 Rxd4+ 32. Bxd4 Ne5 33. Nd5
Bxf5 34. Kc3 Be4 35. Bh5+ Kf8 36. Nc7 f5 37. Kb3 Bf3 0-1

[Event "5. Torneo Sudamericano 2009 Sub-20"]
[Site "Cochabamba BOL"]
[Date "2009.04.13"]
[Round "9.4"]
[White "Gallego, Andres"]
[Black "Espinoza, William"]
[Result "1-0"]
[WhiteElo "2373"]
[BlackElo "2281"]
[PlyCount "72"]
[EventDate "2009.04.08"]
[EventType "swiss"]
[EventRounds "9"]
[EventCountry "BOL"]
[Source "lmi"]
[SourceDate "2009.04.08"]

1. e4 e5 2. Nf3 Nc6 3. Bb5 a6 4. Ba4 Nf6 5. O-O Be7 6. Re1 b5 7. Bb3 d6 8. c3
O-O 9. h3 Na5 10. Bc2 c5 11. d4 Qc7 12. Nbd2 cxd4 13. cxd4 Nc6 14. a3 Bd7 15.
b4 Rfe8 16. Bb2 a5 17. Bb3 h6 18. Rc1 Qb8 19. Rxc6 Bxc6 20. dxe5 Nd7 21. e6
fxe6 22. Bxe6+ Kh8 23. Nd4 Ne5 24. Qh5 Qb7 25. f4 Bf6 26. fxe5 Bxe5 27. Bf5 Bd7
28. N2f3 Bxf5 29. exf5 Qd5 30. Kh1 Rf8 31. Nxe5 dxe5 32. Ne6 Qd2 33. Re2 Rxf5
34. Qg6 Rf1+ 35. Kh2 Qd7 36. Bxe5 Ra6 1-0

[Event "5. Torneo Sudamericano 2009 Sub-20"]
[Site "Cochabamba BOL"]
[Date "2009.04.13"]
[Round "9.6"]
[White "Llacsahuanga, Diego"]
[Black "Carlo, Daniel"]
[Result "1-0"]
[WhiteElo "1830"]
[BlackElo "2116"]
[PlyCount "85"]
[EventDate "2009.04.08"]
[EventType "swiss"]
[EventRounds "9"]
[EventCountry "BOL"]
[Source "lmi"]
[SourceDate "2009.04.08"]

1. Nf3 c5 2. c4 e6 3. g3 d5 4. cxd5 exd5 5. Bg2 Nf6 6. d4 Nc6 7. O-O Bf5 8. Nc3
Be7 9. Bg5 c4 10. Ne5 Be6 11. Nxc4 dxc4 12. Bxf6 Bxf6 13. d5 Qb6 14. dxe6 fxe6
15. Qd6 Kf7 16. Qd7+ Ne7 17. Rab1 Rab8 18. Qa4 Rbc8 19. Rfd1 Rhd8 20. Rxd8 Rxd8
21. Qxc4 Rd2 22. Na4 Qa5 23. Nc5 Nd5 24. Bh3 Rd4 25. Qc1 Qb5 26. Bxe6+ Ke7 27.
Bxd5 Rxd5 28. Nd3 Qa5 29. Qe3+ Kf7 30. a3 Rd7 31. Nc5 Re7 32. Qb3+ Kf8 33. Ne6+
Ke8 34. Rd1 Rd7 35. Rxd7 Kxd7 36. Nxg7 Bxg7 37. Qf7+ Kd8 38. Qxg7 Qe1+ 39. Kg2
Qxe2 40. Qh8+ Kc7 41. Qxh7+ Kc8 42. Qh8+ Kc7 43. Qc3+ 1-0